Set theory /

Guardado en:
Autor Principal: Kuratowski, Kazimierz, 1896-
Otros Autores: Mostowski, Andrzej., Maczynski, M. (Traductor)
Formato: Libro
Idioma:English
Polish
Publicado: Warszawa : Amsterdam : PWN Polish Scientific Publishers ; North-Holland, 1968.
Series:Studies in logic and the foundations of mathematics
Etiquetas: Agregar Etiqueta
Sin Etiquetas, Sea el primero en etiquetar este registro!
LEADER 00964cam a22002535 4500
001 MAT.inmabb001996
008 711005s1968####pl#######b####001#0#eng#d
005 20151110151437.0
245 1 0 |a Set theory /  |c K. Kuratowski and A. Mostowski ; [translated from the Polish by M. Maczynski]. 
260 |a Warszawa :  |b PWN Polish Scientific Publishers ;  |a Amsterdam :  |b North-Holland,  |c 1968. 
300 |a xi, 417 p. ;  |c 24 cm. 
440 0 |a Studies in logic and the foundations of mathematics 
500 |a Traducción de: Teoria mnogosci. Warszawa : PWN Polish Scientific Publishers, 1966. 
504 |a Incluye notas bibliográficas al pie e índices. 
510 4 |a MR,  |c 37 #5100 
100 1 |a Kuratowski, Kazimierz,  |d 1896- 
240 1 0 |a Teoria mnogo´sci.  |l Inglés 
700 1 |a Mostowski, Andrzej. 
700 1 |a Maczynski, M.  |4 trl 
084 |a 03Exx  |2 msc2000 
010 |a  67021972  
041 1 |a eng  |h pol 
044 |a pl  |a ne 
859 |h 03  |i K96s  |p A-3642  |b BIB. MATEMATICA